Loading...
| Literature - American | 0 | 6 | 0 | 1 | 60 | 65 | 79.67 | 0 | 2 | 19.35 | 28.89 |
| Fine Arts - Painting and Sculpture | 0 | 2 | 0 | 0 | 20 | 37 | 37.50 | 0 | 2 | 13.59 | 15.56 |
| Fine Arts - Classical Music | 0 | 2 | 0 | 1 | 20 | 110 | 110.00 | 0 | 1 | 1.41 | 8.89 |
| Literature - British | 0 | 2 | 0 | 1 | 20 | 70 | 95.00 | 0 | 1 | 3.97 | 10.00 |
| Literature - World | 0 | 2 | 0 | 2 | 20 | 114 | 116.50 | 0 | 0 | 0.09 | 2.22 |
| Mythology | 0 | 2 | 0 | 0 | 20 | 59 | 80.00 | 1 | 1 | 6.01 | 12.22 |
| Fine Arts - Other | 0 | 1 | 0 | 0 | 10 | 16 | 16.00 | 0 | 1 | 8.60 | 8.89 |
| Science - Biology | 0 | 1 | 0 | 0 | 10 | 72 | 72.00 | 0 | 0 | 3.63 | 3.33 |
| Science - Chemistry | 0 | 1 | 0 | 0 | 10 | 71 | 71.00 | 0 | 0 | 2.60 | 3.33 |
| Religion | 0 | 1 | 0 | 0 | 10 | 115 | 115.00 | 0 | 0 | 0.42 | 3.33 |
| Geography | 0 | 1 | 0 | 0 | 10 | 81 | 81.00 | 0 | 1 | 3.96 | 13.33 |
| History - American | 0 | 1 | 0 | 0 | 10 | 30 | 30.00 | 0 | 1 | 7.06 | 8.89 |
| Philosophy | 0 | 1 | 1 | 0 | 5 | 101 | 101.00 | 0 | 1 | 0.12 | 6.94 |